000 00596nam a2200217Ia 4500
005 20241129111439.0
008 241129s9999||||xx |||||||||||||| ||und||
020 _a978-93-90568-02-4
037 _aTB
040 _aCRL
_beng
_cCRL
041 _aurd
_2urd
084 _aT4:8 168R1
_qCRL
100 _aUbaida Begum Au.
_9724435
245 0 _aFort William college ki adbi khidmaat
_cUbaida Begum Au.
260 _aDelhi, India
_bM. R. Publications
_c2022
300 _a600p.
365 _aINR
_b895
650 _aEducation
942 _cTB
_hT4:8 168R1
999 _c1230511
_d1230511